000 00628nam a2200241Ia 4500
003 OSt
005 20220923224921.0
006 a|||||r|||| 00| 0
007 ta
008 220922b |||||||| |||| 00| 0 hin d
024 _a253,641
037 _cTextual
040 _aARTS
_cARTS
_bhin
041 _2hin
_ahin
082 _aO152,3x, H6.2
245 0 _aबाल - नीति कथा
246 _aBāl - nīti kathā
260 _c1946
300 _a260पृ.
_ccm.
650 _aहिन्दी साहित्य
_9156264
942 _hO152,3x, H6.2
_cTEXL
_2CC
999 _c374659
_d374659